<?xml version="1.0" encoding="UTF-8"?>
<record
    xmlns:xsi="http://www.w3.org/2001/XMLSchema-instance"
    xsi:schemaLocation="http://www.loc.gov/MARC21/slim http://www.loc.gov/standards/marcxml/schema/MARC21slim.xsd"
    xmlns="http://www.loc.gov/MARC21/slim">

  <leader>01826nam a2200241Ia 4500</leader>
  <controlfield tag="001">IA_The methodology was proposed by the Bank of Mexico through Trusts in Relation to Agriculture (FIRA, 2002), which comprises the following aspects: diagnosis of the area, and raw materials market, social and administrative organization, social and administrative evaluation , technical and engineering studies, financial analysis and environmental impact assessment. For this project, we found a required investment of  3, 257,482.62 and after analyzing its behavior in a 10-year horizon, the financial indicators were: an Internal Rate of Return (IRR) of 69.29% with a Net Present Value (NPV)  15, 986,201.6 and a benefit cost (B / C) 2.37. It was determined through a sensitivity analysis that even if total costs increase or to decrease total revenue by 5, 10 and 15%, the value of the IRR and NPV in project evaluation are still acceptable. Finally concluded that the installation and commissioning of this project is technically, economically, socially and environmentally feasible.</controlfield>
  <controlfield tag="002">ANALISIS ECONOMICO PARA EL ESTABLECIMIENTO DE UNA</controlfield>
  <controlfield tag="008">220117s    xx            000 0 und d</controlfield>
  <datafield tag="010" ind1=" " ind2=" ">
    <subfield code="a">184127</subfield>
  </datafield>
  <datafield tag="530" ind1=" " ind2=" ">
    <subfield code="a">Disponible en PDF</subfield>
  </datafield>
  <datafield tag="650" ind1=" " ind2=" ">
    <subfield code="a">Coffee beans  </subfield>
    <subfield code="9">156418</subfield>
  </datafield>
  <datafield tag="650" ind1=" " ind2=" ">
    <subfield code="a">Edible fungi  </subfield>
    <subfield code="9">155438</subfield>
  </datafield>
  <datafield tag="650" ind1=" " ind2="0">
    <subfield code="a">Entrepreneurship</subfield>
    <subfield code="z">Mexico</subfield>
    <subfield code="z">Puebla</subfield>
    <subfield code="9">155122</subfield>
  </datafield>
  <datafield tag="650" ind1=" " ind2=" ">
    <subfield code="a">Hongos comestibles  </subfield>
    <subfield code="9">56124</subfield>
  </datafield>
  <datafield tag="650" ind1=" " ind2="0">
    <subfield code="a">Iniciativa empresarial</subfield>
    <subfield code="z">M&#xE9;xico</subfield>
    <subfield code="z">Puebla  </subfield>
    <subfield code="9">155168</subfield>
  </datafield>
  <datafield tag="650" ind1=" " ind2=" ">
    <subfield code="a">Semillas de caf&#xE9;  </subfield>
    <subfield code="9">156419</subfield>
  </datafield>
  <datafield tag="700" ind1=" " ind2=" ">
    <subfield code="a">Asencio Rivera, Rogelio, asesor</subfield>
    <subfield code="9">163687</subfield>
  </datafield>
  <datafield tag="700" ind1="1" ind2=" ">
    <subfield code="a">Ponce Hern&#xE1;ndez, Pedro</subfield>
    <subfield code="9">147918</subfield>
  </datafield>
  <datafield tag="700" ind1=" " ind2=" ">
    <subfield code="a">Szymanski Duque, Guadalupe, asesor </subfield>
    <subfield code="9">163688</subfield>
  </datafield>
  <datafield tag="700" ind1=" " ind2=" ">
    <subfield code="a">Zenteno Cruz, Cristal Natali, coaut. </subfield>
    <subfield code="9">156422</subfield>
  </datafield>
  <datafield tag="942" ind1=" " ind2=" ">
    <subfield code="c">TESIS G84 2010</subfield>
  </datafield>
  <datafield tag="999" ind1=" " ind2=" ">
    <subfield code="c">184127</subfield>
    <subfield code="d">184127</subfield>
  </datafield>
</record>
